Fr. Conceicao Rodrigues College of Engineering

Information theory (Record no. 26858)

MARC details
000 -LEADER
fixed length control field 00297nam a2200145Ia 4500
082 ## - DEWEY DECIMAL CLASSIFICATION NUMBER
Classification number 3.54
Item number RAO
100 ## - MAIN ENTRY--PERSONAL NAME
Personal name Rao/Ketha Anuradha
245 ## - TITLE STATEMENT
Title Information theory
260 ## - PUBLICATION, DISTRIBUTION, ETC.
Name of publisher, distributor, etc. Nandu
Place of publication, distribution, etc. Mumbai
Date of publication, distribution, etc. 2002
300 ## - PHYSICAL DESCRIPTION
Extent 158
546 ## - LANGUAGE NOTE
Language note ENGLISH
654 ## - SUBJECT ADDED ENTRY--FACETED TOPICAL TERMS
Focus term information
942 ## - ADDED ENTRY ELEMENTS (KOHA)
Koha item type BOOK
Holdings
Withdrawn status Lost status Damaged status Not for loan Collection Home library Current library Date acquired Total Checkouts Full call number Barcode Date last seen Price effective from Koha item type
        CRC Fr. Agnel's C.Rodrigues College of Engineering Fr. Agnel's C.Rodrigues College of Engineering 17/03/2023   3.54 RAO 12566 17/03/2023 17/03/2023 BOOK